Purple Swag - A$AP Rocky (Full lyrics) - Statistics

General Stats
  • This quiz has been taken 8 times
  • The average score is 136 of 191
Answer Stats
Lyrics % Correct
bitch,
100%
bitch
100%
bitches
100%
dick
100%
Everything
100%
for
100%
getting
100%
her
100%
high
100%
high,
100%
I
100%
"I
100%
in
100%
is
100%
mouth,
100%
my
100%
nigga,
100%
niggas
100%
on
100%
Purple
100%
purple
100%
swag,
100%
swag
100%
the
100%
This
100%
bone,
80%
bone
80%
booty,
80%
fruity,
80%
juicy
80%
regular
80%
said"
80%
she
80%
smoke
80%
that
80%
That
80%
to
80%
we
80%
big
60%
drank,
60%
got
60%
I'm
60%
it
60%
me
60%
NY
60%
out,
60%
still
60%
still,
60%
up,
60%
up
60%
wanna
60%
ain't
40%
ASAP
40%
clothes
40%
dome,
40%
down,
40%
fuck,
40%
hit
40%
lit
40%
pimp
40%
Real
40%
real
40%
see
40%
shit
40%
shit,
40%
sip,
40%
spit
40%
That's
40%
these
40%
took
40%
weed
40%
yellow
40%
zone,
40%
blunt
20%
boppas
20%
but
20%
candy
20%
cars,
20%
coming
20%
crazy,
20%
discussing,
20%
drip,
20%
flexing
20%
going
20%
paint
20%
pick
20%
plan
20%
quit
20%
Robitussin,
20%
sitting
20%
slow
20%
something,
20%
steel,
20%
tell
20%
Texas
20%
Them
20%
they
20%
throwed
20%
tip
20%
tipping
20%
trill
20%
trill,
20%
No matching quizzes found
Score Distribution
Percent of People with Each Score
Percentile by Number Answered
Your Score History
You have not taken this quiz